Komunikačný mix zdravotníckeho zariadenia diplomová práca

Salvato in:
Dettagli Bibliografici
Autore principale: Baník, Jozef
Ente Autore: Podnikovohospodárska fakulta EU so sídlom v Košiciach. Katedra marketingu a obchodu
Altri autori: Vančíková, Denisa
Natura: Libro
Lingua:slovacco
Pubblicazione: Košice 2008
Tags: Aggiungi Tag
Nessun Tag, puoi essere il primo ad aggiungerne!!

MARC

LEADER 00000nam$a2200000$$$4500
001 0079964
005 20240201115424.1
041 0 |a slo 
044 |a SK 
245 1 0 |a Komunikačný mix zdravotníckeho zariadenia  |b diplomová práca  |c Romana Biskupová ; škol. Eugen Rogovský 
264 1 |a Košice  |c 2008 
300 |a 63 s. 
100 1 |a Baník, Jozef 
700 1 |a Vančíková, Denisa 
710 2 |a Podnikovohospodárska fakulta EU so sídlom v Košiciach. Katedra marketingu a obchodu